000 00625nam a2200217Ia 4500
005 20250923145258.0
008 008 250917s9999 xx 000 0 eng d
037 _aTextual
040 _aDSWL
_beng
_cDSWL
041 _aeng
_2eng
084 _aXN51.2' N67<- N51, N73
_qDSWL
100 _aNanekar, K.R.
_9833630
245 0 _aBhooden and the Landless
_cby K.R. Nanekar
260 _aBombay
_b Popular Prakashan
_c1973
300 _axvi,125p.
365 _aINR
_b25
700 _aS.V. Khandewale
_9833631
925 _g25
942 _cTEXL
_hXN51.2' N67<- N51, N73
999 _c1449386
_d1449386